000 00719nam a2200217 i 4500
001 83717
003 ES-MaACL
005 20240528062730.0
007 t|
008 041118s1953 ec ||||1| spa d
245 0 3 _aEl jardín de Lutecia :
_btraducciones de poetas franceses /
_c[seleccionador] J.A. Falconi Villagómez.
260 _aGuayaquil :
_b[Casa de la Cultura Ecuatoriana,
_c1953] (
_fImp. del Núcleo del Guayas)
300 _a75 p. ;
_c18 cm.
650 7 _aPoesía francesa
_9136726
655 7 _2tgfbne
_aPoesías
_9176539
700 1 _aFalconi Villagómez, J. A.
_948724
710 2 _aCasa de la Cultura Ecuatoriana.
_9173358
852 _aES-MaACL
_j1969-F-3
942 _2udc
999 _c83717
_d83717